| 000 | 00620nam a2200193Ii 4500 | ||
|---|---|---|---|
| 003 | JO-AjNU | ||
| 008 | 230605s9999||||xx |||||||||||||| ||und|| | ||
| 040 |
_aJO-AjNU _bara _erda _cJO-AjNU |
||
| 041 | _aara | ||
| 050 | 1 | 4 | _aQ141 |
| 100 | 3 |
_aبيرلاند، تيودور/ م. مشارك احمد بدران , _eauthor _936255 |
|
| 245 | 0 | 0 | _aمن حياة العلماء |
| 264 | 3 | 1 | _aالقاهرة:دار النهضة العربية |
| 300 | _a353ص | ||
| 336 |
_atext _btxt _2rdacontent |
||
| 337 |
_aunmediated _bn _2rdamedia |
||
| 338 |
_avolume _bnc _2rdacarrier |
||
| 650 | 4 |
_aالعلماء- تراجم _936256 |
|
| 999 |
_aA15046 _c18614 _d18614 |
||